| 000 | 00819nam0a22002651 4500 | ||
|---|---|---|---|
| 001 | rc\112429 | ||
| 005 | 20260406064537.0 | ||
| 010 |
_a5-8317-0044-5 _9100000 |
||
| 035 | _a(NLR Aleph) 005372411 | ||
| 090 |
_a7014175 _c7014175 |
||
| 100 | _a20021216d1994 |||y0rusy50 ca | ||
| 101 | 0 | _arus | |
| 102 | _aRU | ||
| 105 | _aa ||||||||| | ||
| 200 | 1 |
_aОбещание страсти _e[Роман _eПер. с англ.] _fДаниэла Стил |
|
| 210 |
_aМ. _cКРОН-пресс _d1994 |
||
| 215 |
_a366, [1] с. _cил. _d21 |
||
| 225 | 1 | _aЗвезда любви | |
| 225 | 1 | _aБестселлер № 1 | |
| 700 | 1 |
_4070 _8rus _7ca _aСтил _bД. _f1947- _gДаниэла _3RU\NLR\auth\7723972 _97025 |
|
| 801 | 0 |
_aRU _bNLR _gpsbo |
|
| 801 | 1 |
_aRU _bELAR _2rusmarc |
|
| 852 |
_aNLR _j93-3/9117 |
||
| 942 | _cBOOK | ||
| 980 | _aNB | ||